00510 a2200181 450000100060000002000180000604000240002410000370004824000300008524500250011530000070014036200090014744000130015665000310016994200070020095201040020799900170031169103 a9788537302798 cAnchieta - Itaigara aBarros, Elisa Maria Rands Coelho10aA descoberta de Kikolpor10aA descoberta de Kiko a320 a2007 1aBagaço 4aLiteratura infanto-juvenil cBK 00104070a88.1b88.1d2023-11-21l0o028.5 BAR DESp1100/ITAr2023-11-21 20:03:32w2023-11-21yBK c69103d69103